000 00786cam a2200217 4500
001 ABS61658
008 000000n1999 000 0 eng u
035 _a(Sirsi) u103469
100 _aJohnston, B.
245 _aConsultants aim for a slow growth
260 _c1999
490 _aPlanning (for the Natural and Built Environment)
_v(1348) 10 December 1999, 17-29(9)
520 _aPresents the findings of a survey of planning consultants, looking at the areas of work which have presented the most opportunities, the planning employers ranked by number of employees, and fees generated.
590 _aABS
650 _aPLANNING CONSULTANTS
650 _aSURVEYS
650 _aMARKET GROWTH
650 _aEMPLOYERS
690 _aMANAGEMENT-BUSINESS MANAGEMENT
942 _n0
999 _c62166
_d62166